000 00301nam a22001217a 4500
008 260424b |||||||| |||| 00| 0 eng d
082 _a001072
100 _aNarayanachar, K S
245 _aKrishna mathu Mahabharatha Yudha
260 _aHubli
_bSahitya Prakashana
_c2015
300 _a228p
942 _2ddc
999 _c1310
_d1310